INFORME FINAL DEL EJERCICIO PROFESIONAL SUPERVISADO, REALIZADO EN LA MUNICIPALIDAD DE SAN PEDRO CARCHÁ Y ALDEA COJAJ, CARCHÁ, ALTA VERAPAZ/ (Registro nro. 2078)
[ vista simple ]
| 000 -LEADER | |
|---|---|
| campo de control de longitud fija | 04915nam a22003377a 4500 |
| 001 - NÚMERO DE CONTROL | |
| campo de control | TIGAL 0010 |
| 003 - IDENTIFICADOR DE NÚMERO DE CONTROL | |
| campo de control | gtcocun |
| 005 - FECHA Y HORA DE LA ÚLTIMA TRANSACCIÓN | |
| campo de control | 20250923164245.0 |
| 006 - CÓDIGOS DE INFORMACIÓN DE LONGITUD FIJA--CARACTERÍSTICAS DEL MATERIAL ADICIONAL | |
| campo de control de longitud fija | a||||gr|||| 00| 0 |
| 007 - CAMPO FIJO DE DESCRIPCIÓN FÍSICA--INFORMACIÓN GENERAL | |
| campo de control de longitud fija | ta |
| 008 - DATOS DE LONGITUD FIJA--INFORMACIÓN GENERAL | |
| campo de control de longitud fija | 250923b2018 gt ||||| m||| 00| 0 eng d |
| 040 ## - FUENTE DE CATALOGACIÓN | |
| Centro catalogador/agencia de origen | gtcocun |
| Lengua de catalogación | SPA |
| Centro/agencia transcriptor | gtcocun |
| Normas de descripción | RDA |
| 041 ## - CÓDIGO DE IDIOMA | |
| Código de lengua del texto/banda sonora o título independiente | SPA TIGAL 0010 |
| 084 ## - OTRO NÚMERO DE CLASIFICACIÓN | |
| Número de control del registro de autoridad o número normalizado | TIGAL 0010 |
| 100 ## - ENTRADA PRINCIPAL--NOMBRE DE PERSONA | |
| Nombre de persona | Mendoza Santa María, Madelyn Suzette |
| Término indicativo de función/relación | Autor |
| 245 ## - MENCIÓN DEL TÍTULO | |
| Título | INFORME FINAL DEL EJERCICIO PROFESIONAL SUPERVISADO, REALIZADO EN LA MUNICIPALIDAD DE SAN PEDRO CARCHÁ Y ALDEA COJAJ, CARCHÁ, ALTA VERAPAZ/ |
| Mención de responsabilidad, etc. | Madelyn Suzette Mendoza Santa María. |
| Medio | Impreso |
| 264 ## - PRODUCCIÓN, PUBLICACIÓN, DISTRIBUCIÓN, FABRICACIÓN Y COPYRIGHT | |
| Producción, publicación, distribución, fabricación y copyright | Cobán, Alta Verapaz: |
| Nombre del de productor, editor, distribuidor, fabricante | Universidad de San Carlos de Guatemala, Centro Universitario del Norte, Carrera de Ingeniería en Gestión Ambiental Local |
| Fecha de producción, publicación, distribución, fabricación o copyright | 2018 |
| 300 ## - DESCRIPCIÓN FÍSICA | |
| Extensión | 183 p.: |
| Otras características físicas | Ilustraciones, gráficas. |
| Dimensiones | 28 cm; |
| 300 ## - DESCRIPCIÓN FÍSICA | |
| Dimensiones | |
| 336 ## - TIPO DE CONTENIDO | |
| Fuente | rdacontenido |
| Término de tipo de contenido | Texto |
| Código de tipo de contenido | txt |
| 337 ## - TIPO DE MEDIO | |
| Fuente | rdamedio |
| Nombre/término del tipo de medio | Computadora |
| Código del tipo de medio | n |
| 338 ## - TIPO DE SOPORTE | |
| Fuente | rdasoporte |
| Nombre/término del tipo de soporte | Código en línea |
| Código del tipo de soporte | cr |
| 502 ## - NOTA DE TESIS | |
| identificador de la tesis | TIGAL 0010 |
| 502 ## - NOTA DE TESIS | |
| Nota de tesis | Tesis de grado |
| Tipo de título | Carrera de Ingeniería en Gestión Ambiental Local, |
| Nombre de la institución que otorga el título | Universidad de San Carlos de Guatemala, Centro Universitario del Norte, Carrera de Ingeniería en Gestión Ambiental Local |
| Año de obtención del título | 2018 |
| Identificador de la tesis | TIGAL 0010 |
| 520 14 - RESUMEN, ETC. | |
| Sumario, etc. | Para el Ejercicio Profesional Supervisado EPS de la carrera de Ingeniería<br/>en Gestión Ambiental Local del Centro Universitario del Norte; Cobán, Alta<br/>Verapaz. Se tuvo como sede la municipalidad de San Pedro Carchá y el trabajo<br/>comunitario en la aldea Cojaj, donde se desarrollaron diversas actividades que<br/>permitieron la extensión de conocimientos en cada uno de los ámbitos sociales<br/>y ambientales. El espacio brindado por la institución para tener la interacción<br/>participativa de epesista y encargados fue la Dirección Municipal de<br/>Planificación, dentro de ella se encuentra la Unidad de Gestión Ambiental<br/>Municipal que es la encargada de velar por la protección medioambiental del<br/>municipio, a través del desarrollo de un plan de educación ambiental y tomar las<br/>acciones pertinentes que se requieran para mitigar los impactos de la<br/>contaminación ambiental.<br/><br/>La carrera de Ingeniería en Gestión Ambiental Local formó parte de la<br/>alianza del Programa de Ejercicio Profesional Supervisado Multidisciplinario por<br/>lo cual se integró un equipo completo de pre-profesionales con diferentes<br/>enfoques académicos. Como parte de la formación profesional que se adquirió a<br/>lo largo de los años en la carrera, se contribuyó empleando la investigación en<br/>áreas de mayor pobreza para mostrar la realidad de la vida social, ambiental,<br/>cultural y educativa.<br/><br/>El presente informe final desglosa las fases de desarrolló del EPS, dando<br/>inicio con el diagnóstico llevado a cabo en la aldea Cojaj la cual requirió de un<br/>proceso continuo y de participación comunitaria para conocer la realidad<br/>ambiental que presentaba la aldea y también ampliar la información sobre<br/>aspectos socioeconómicos, educativos y de infraestructura. Derivado de esta<br/>primera etapa se generó una matriz de priorización de los problemas más<br/>relevantes y de importancia para la aldea y con base a ello se identificaron las<br/>acciones que estaban al alcance del pre-profesional y los recursos con los que<br/>se contaba para poder realizar actividades como: un plan de charlas educativas<br/>ambientales, la elaboración de abono orgánico, jornadas de recolección de<br/>desechos sólidos, recuperación de nacimientos de agua etc.<br/><br/>En la sede de práctica se dió apoyo institucional con la ejecución del plan<br/>de educación ambiental que se estaba implementando para centros educativos<br/>del área urbana del municipio brindando charlas y talleres a directores, docentes<br/>y alumnos de cada centro; de la misma manera se llevaron a cabo actividades<br/>extraescolares como la feria del reciclaje que consistió en realizar y mostrar a la<br/>población las ideas innovadoras para reutilizar los plásticos, latas, llantas y entre<br/>otras.<br/><br/>La categorización del botadero municipal de San Pedro Carchá, ubicado a<br/>orilla de la ruta departamental RD AV-1, utilizó como referencia la Guía Técnica<br/>para la Clausura y Conversión de Botadero de Residuos Sólidos. A través de<br/>ella se categorizó de alto riesgo el botadero a cielo abierto, generando<br/>contaminación ambiental, lixiviados que ponen en riesgo los mantos acuíferos y<br/>la proliferación de vectores que afectan la salud humana. |
| 650 14 - PUNTO DE ACCESO ADICIONAL DE MATERIA--TÉRMINO DE MATERIA | |
| Fuente del encabezamiento o término | LEMB |
| Término de materia o nombre geográfico como elemento de entrada | Carchá, Alta Verapaz |
| Subdivisión general | Ingeniería en Gestión Ambiental Local |
| -- | Municipalidad |
| -- | Trabajo comunitario |
| -- | Educación ambiental |
| -- | Contaminación ambiental |
| -- | Informe final |
| 700 ## - ENTRADA AGREGADA--NOMBRE PERSONAL | |
| Nombre de persona | Ing. Julio Oswaldo Méndez Morales |
| Término indicativo de función/relación | Asesor |
| 856 ## - LOCALIZACIÓN Y ACCESO ELECTRÓNICOS | |
| Identificador Uniforme de Recurso | <a href="https://drive.google.com/file/d/12PBAUNu4yo5ZUi-sxDz5qZHF9KfqghzI/view">https://drive.google.com/file/d/12PBAUNu4yo5ZUi-sxDz5qZHF9KfqghzI/view</a> |
| Texto de enlace | |
| Nota pública | Un ejemplar en línea. |
| 942 ## - ELEMENTOS DE ENTRADA SECUNDARIOS (KOHA) | |
| Fuente de la clasificación o esquema de estantería | Clasificación Decimal Dewey |
| Tipo de ítem Koha | TESIS |
| Parte de la signatura que identifica el ejemplar (Parte del ítem) | TIGAL 0010 |
| Prefijo de la signatura | Clasificación |
| Suprimir en OPAC | No |
| -- | TIGAL_0010_000000000000000 |
| Estatus retirado | Estado de pérdida | Fuente de la clasificación o esquema de estantería | Estado de daño | No para préstamo | Colección | Biblioteca de origen | Biblioteca actual | Ubicación en estantería | Fecha de adquisición | Número de inventario | Total de préstamos | Signatura topográfica completa | Código de barras | Visto por última vez | Precio de reemplazo | Tipo de ítem Koha |
|---|---|---|---|---|---|---|---|---|---|---|---|---|---|---|---|---|
| Clasificación Decimal Dewey | tesis | BIBLIOTECA- CUNOR -JOSÉ LUIS GONZALES ROSALES | BIBLIOTECA- CUNOR -JOSÉ LUIS GONZALES ROSALES | Colección tesis | 23/09/2025 | TIGAL 0010 | TIGAL 0010 | TIGAL 0010 | 23/09/2025 | 23/09/2025 | TESIS |